<?xml version="1.0" encoding="UTF-8"?>
<record
    xmlns:xsi="http://www.w3.org/2001/XMLSchema-instance"
    xsi:schemaLocation="http://www.loc.gov/MARC21/slim http://www.loc.gov/standards/marcxml/schema/MARC21slim.xsd"
    xmlns="http://www.loc.gov/MARC21/slim">

  <leader>03794nam a22002537a 4500</leader>
  <controlfield tag="005">20240305165525.0</controlfield>
  <controlfield tag="007">cr||||   |||| </controlfield>
  <controlfield tag="008">190704s2019    mx |||||s|||| 00||0 spa d</controlfield>
  <datafield tag="020" ind1=" " ind2=" ">
    <subfield code="a">978-607-98395-5-0</subfield>
  </datafield>
  <datafield tag="035" ind1=" " ind2=" ">
    <subfield code="a">23813</subfield>
  </datafield>
  <datafield tag="040" ind1=" " ind2=" ">
    <subfield code="a">vLex</subfield>
  </datafield>
  <datafield tag="090" ind1=" " ind2=" ">
    <subfield code="c">8994</subfield>
    <subfield code="d">8994</subfield>
  </datafield>
  <datafield tag="100" ind1="1" ind2=" ">
    <subfield code="a">Aldrete Acu&#xF1;a, Christian Yair</subfield>
  </datafield>
  <datafield tag="245" ind1="1" ind2="0">
    <subfield code="a"> Fuero Constitucional</subfield>
    <subfield code="h">[Recurso electr&#xF3;nico] :</subfield>
    <subfield code="b">Garant&#xED;a de un Estado Democr&#xE1;tico y Constitucional de Derecho /</subfield>
    <subfield code="c">Christian Yair Aldrete Acu&#xF1;a</subfield>
  </datafield>
  <datafield tag="256" ind1=" " ind2=" ">
    <subfield code="a">Servicio en l&#xED;nea</subfield>
  </datafield>
  <datafield tag="260" ind1=" " ind2=" ">
    <subfield code="a">Ciudad de M&#xE9;xico:</subfield>
    <subfield code="b">vLex M&#xE9;xico,</subfield>
    <subfield code="c">2019</subfield>
  </datafield>
  <datafield tag="300" ind1=" " ind2=" ">
    <subfield code="a">1 recurso electr&#xF3;nico</subfield>
  </datafield>
  <datafield tag="500" ind1=" " ind2=" ">
    <subfield code="a">Un an&#xE1;lisis de derecho comparado entre M&#xE9;xico y Espa&#xF1;a. Conceptos como democracia, constitucionalismo, separaci&#xF3;n de poderes, imperio de ley o Estado de Derecho, han sido acorazados por la mayor&#xED;a de las sociedades occidentales en la conformaci&#xF3;n de columnas legitimadoras sobre las cuales se erige el aparato de organizaci&#xF3;n popular denominado Estado. Sin embargo, tales conceptos no han llegado a ser comprendidos y ejercidos con racionalidad, siendo manipulados con notoria frecuencia tanto por gobiernos y gobernantes, donde sus acciones son tendentes m&#xE1;s a la satisfacci&#xF3;n de intereses personales que al respeto de &#xE9;stos. Testimonio claro puede observarse a ambos lados del atl&#xE1;ntico, en el que tanto el Estado mexicano como el Estado espa&#xF1;ol, han proyectado evidentes excesos en el ejercicio de figuras jur&#xED;dicas como el Fuero Constitucional y las Inmunidades Parlamentarias. Situaci&#xF3;n que ha llevado a una crisis en la administraci&#xF3;n de la democracia, a partir de la representatividad social. Esta deformaci&#xF3;n, compaginada con la recurrente impunidad, corrupci&#xF3;n, desatenci&#xF3;n de demandas sociales por parte de los representantes y los frecuentes abusos de poder llevados por los partidos pol&#xED;ticos inmersos en el control del poder pol&#xED;tico del Estado, se presentan hoy como los principales bastiones que deslegitiman, desde el campo social, la necesidad de estas figuras jur&#xED;dicas &#x97;Fuero Constitucional e Inmunidades Parlamentarias&#x97; indispensables, desde el principio de separaci&#xF3;n del poder, para el adecuado constructo de lo que se ha denominado Estado Democr&#xE1;tico y Constitucional de Derecho. En &#x93;FUERO CONSTITUCIONAL: Garant&#xED;a de un Estado Democr&#xE1;tico y Constitucional de Derecho. Un an&#xE1;lisis de derecho comparado entre M&#xE9;xico y Espa&#xF1;a&#x94;, se analiza la rotunda necesidad de conservar estas garant&#xED;as que sirven como frenos y contrapesos en el ejercicio del poder estatal, atendiendo a que las figuras de Fuero Constitucional, Inmunidad e Inviolabilidad Parlamentarias, son instituciones que dotan de sentido a los principios de separaci&#xF3;n de poderes y soberan&#xED;a, sin los cuales se desnaturalizar&#xED;a el sistema democr&#xE1;tico representativo. El texto que se presenta, pretende no s&#xF3;lo dar cuenta del tema que lo intitula, sino tambi&#xE9;n, de provocar &#x97;con t&#xF3;picos que se han dejado en el tintero&#x97; el debate sobre temas como: partidocracia, representatividad, mandato imperativo y crisis democr&#xE1;tica, por mencionar algunos. T&#xF3;picos que han sido explorados pero cuya aplicabilidad y viabilidad han sido inacabados en la conformaci&#xF3;n democr&#xE1;tica de la mayor&#xED;a de pa&#xED;ses iberoamericanos.</subfield>
  </datafield>
  <datafield tag="506" ind1="1" ind2=" ">
    <subfield code="a">Disponible solo en los productos indicados</subfield>
    <subfield code="d">vLex Global</subfield>
    <subfield code="d">vLex Global (Academic Edition, excluding Law Schools)</subfield>
    <subfield code="d">vLex Global (U.S. Academic Edition, Law Schools)</subfield>
    <subfield code="d">vLex Global (U.S. Academic Edition, excluding Law Schools)</subfield>
    <subfield code="d">vLex Global (Academic Edition, Law Schools)</subfield>
  </datafield>
  <datafield tag="650" ind1="0" ind2="4">
    <subfield code="a">Derecho Constitucional</subfield>
    <subfield code="z">M&#xE9;xico</subfield>
  </datafield>
  <datafield tag="740" ind1="0" ind2=" ">
    <subfield code="a">vLex Libros (Servicio en l&#xED;nea)</subfield>
  </datafield>
  <datafield tag="856" ind1="4" ind2="0">
    <subfield code="u">https://app.vlex.com/#/sources/fuero-constitucional-garantia-de-un-estado-democratico-y-constitucional-de-derecho-23813</subfield>
  </datafield>
  <datafield tag="942" ind1=" " ind2=" ">
    <subfield code="c">RAA</subfield>
  </datafield>
  <datafield tag="952" ind1=" " ind2=" ">
    <subfield code="0">0</subfield>
    <subfield code="1">0</subfield>
    <subfield code="4">0</subfield>
    <subfield code="7">0</subfield>
    <subfield code="8">VLEX</subfield>
    <subfield code="9">325201</subfield>
    <subfield code="a">BD-UIN</subfield>
    <subfield code="b">BD-UIN</subfield>
    <subfield code="d">2024-03-05</subfield>
    <subfield code="l">0</subfield>
    <subfield code="p">23813</subfield>
    <subfield code="r">2024-03-05</subfield>
    <subfield code="w">2024-03-05</subfield>
    <subfield code="y">RAA</subfield>
  </datafield>
  <datafield tag="999" ind1=" " ind2=" ">
    <subfield code="c">167231</subfield>
    <subfield code="d">167231</subfield>
  </datafield>
</record>
